00261nam a2200109 a 4500008004100000050001400041100001900055245002400074260003400098300001000132350000900142120416s1962 ||||||||||||||||| || u aHB 71 Rob aRobinson, Joan10aEconomic philosophy aHarmondsworthsbPenguinc1962 a140p. a0.00